000 nam a22 7a 4500
999 _c390664
_d390664
003 BLK
005 20201026150315.0
008 201026b bu ||||| |||| 00| 0 bu d
040 _aBLK
041 _aBUL
_cBUL
080 _aАнглийска литература
_b821.111
_z821.111
100 _91299
_aAguilar, Grace
_eпърви автор
139 _aAguilar, Grace
_bA 26
245 _aThe mothers recompense
_bA sequel to home influence
_cVol. I-II
_nVol.II
260 _9435639
_aLeipzig
_bBernhard Tauchnitz
_c1859
300 _a364 с.
_c16 см
380 _aX
490 _9435080
_aКолекция Редки и ценни издания
852 _aРа 859
_bРц
942 _cKNG
_n0
_s1
944 _aCR
_c2020-10-26
_kК.Д.